El hombre invisible
Guardat en:
| Autor principal: | |
|---|---|
| Altres autors: | |
| Format: | Llibre |
| Idioma: | espanyol |
| Publicat: |
Barcelona, España
Penguin Random House
2016
|
| Col·lecció: | Contemporánea
|
| Matèries: | |
| Etiquetes: |
Afegir etiqueta
Sense etiquetes, Sigues el primer a etiquetar aquest registre!
|
MARC
| LEADER | 00000cam a2200000 a 4500 | ||
|---|---|---|---|
| 001 | UCC8346 | ||
| 003 | CL-VaPUC | ||
| 005 | 20231124151020.0 | ||
| 008 | 190621e20160000sp |||||||||||||||||spa|d | ||
| 999 | |c 374692 |d 374690 | ||
| 020 | |a 9788466333566 | ||
| 040 | |c Pontificia Universidad Católica de Valparaíso | ||
| 082 | 0 | 4 | |a 813 ELL 2016 |2 21 |
| 100 | 0 | |a Ellison Waldo, Ralph |e author |9 603026 | |
| 245 | 1 | 3 | |a El hombre invisible |
| 260 | |a Barcelona, España |b Penguin Random House |c 2016 | ||
| 300 | |a 635 páginas | ||
| 490 | 0 | |a Contemporánea | |
| 583 | |a last modification |c 20190621 12:31:00 |k Rodrigo Vera | ||
| 650 | 0 | |a Literatura estadounidense |9 317168 | |
| 650 | 0 | |a Novelas estadounidenses |9 265217 | |
| 650 | 0 | |a Literatura fantástica |9 266050 | |
| 700 | |a Bosch, Andrés |e traductor |9 856952 | ||
| 852 | |a BIBEDU | ||
| 942 | |c BK |2 ddc | ||
| 945 | |d 20190621 12:31:00 |a dcastane | ||
| 952 | |0 0 |1 0 |3 erb |4 0 |6 813_000000000000000_ELL_2016 |7 0 |8 A |9 493371 |a BIBEDU |b BIBEDU |d 2019-06-19 |e 2 |g 12465.00 |i 5553687 |l 4 |o 813 ELL 2016 |p 5553687 |r 2023-09-20 |s 2023-09-12 |v 12465.00 |w 2019-11-24 |y BK |z Catalogado en:20190621 |k LIT | ||
| 952 | |0 0 |1 0 |3 erb |4 0 |6 813_000000000000000_ELL_2016 |7 0 |8 A |9 493372 |a BIBEDU |b BIBEDU |d 2019-06-19 |e 2 |g 12465.00 |i 5553679 |l 4 |m 2 |o 813 ELL 2016 |p 5553679 |r 2023-09-27 |s 2023-09-21 |v 12465.00 |w 2019-11-24 |y BK |z Catalogado en:20190621 |k LIT | ||
| 952 | |0 0 |1 0 |3 erb |4 0 |6 813_000000000000000_ELL_2016 |7 0 |8 A |9 493373 |a BIBEDU |b BIBEDU |d 2019-06-19 |e 2 |g 12465.00 |i 5553660 |l 2 |o 813 ELL 2016 |p 5553660 |r 2022-09-20 |s 2022-09-12 |v 12465.00 |w 2019-11-24 |y BK |z Catalogado en:20190621 |k LIT | ||